Taifas de Iberia en 1031 en un Mapa - Estadísticas

Estadísticas generales
  • Esta prueba ha sido intentada 28 veces
  • La puntuación promedio es 15 de 24
Respuestas en el mapa
Las respuestas están codificadas por una escala verde-roja en el mapa de la prueba según el % correcto abajo.
 
Estadísticas de respuestas
Taifas % Correcto
Valencia
100%
Málaga
96%
Sevilla
96%
Toledo
96%
Córdoba
92%
Granada
92%
Murcia
92%
Zaragoza
88%
Almería
77%
Badajoz
77%
Algeciras
73%
Huelva
69%
Denia
62%
Algarve
58%
Niebla
46%
Albarracín
42%
Carmona
42%
Ronda
42%
Tortosa
42%
Alpuente
31%
Arcos
27%
Morón
27%
Mértola
19%
Silves
19%
No se encontraron pruebas coincidentes
Distribución de puntuación
Porcentaje de gente con cada puntuación
Porcentaje por número respondido
Historial de tus puntuaciones
No has intentado esta prueba.